000 00500nmm a2200169Ia 4500
008 251105s9999||||xx |||||||||||||||||und||
020 _a9788481696998
041 _aspa
100 _aRubio Rubio, José María
245 0 _aPara vivir la Revisión de Vida
264 _a[Madrid, España] :
_bEditorial Verbo Divino,
_c2006
300 _a180 páginas
490 _aPara leer, vivir, comprender
650 _aReligion(s)
856 _uhttps://public.digitaliapublishing.com/a/20696
942 _cCF
999 _c85958
_d85958